000
00288nam a2200121Ia 4500
005
20251222143109.0
008
251222s9999||||xx |||||||||||||| ||spa||
082
_a
362.76/U35
100
_a
Ulfee Galindo, Alberto
245
0
_a
El NiƱo Maltratado
264
_b
Pagina Nueva
942
_c
LIB
999
_c
11116
_d
11116